Personnages de Grey's Anatomy 1 - Statistiques

Statistiques générales
  • Ce quiz a été pris 630 fois
  • Le résultat moyen est 13 sur 16
Statistiques - réponses
Par images Réponse % Correct
Meredith Grey
99%
Cristina Yang
95%
Alex Karev
91%
Izzie Stevens
88%
George O'Malley
86%
Miranda Bailey
83%
April Kepner
79%
Richard Webber
79%
Callie Torres
78%
Arizona Robbins
75%
Ellis Grey
75%
Jackson Avery
75%
Derek Shepherd
74%
Addison Montgomery
73%
Preston Burke
67%
Adele Webber
66%
Aucun quiz correspondant
Distribution des résultats
% des personnes avec chaque résultat
Percentile par nombre de réponses
Votre historique - résultats
Vous n’avez pas pris ce quiz